000 00270nam a22000977a 4500
008 160511b xxu||||| |||| 00| 0 eng d
041 _aeng
080 _a61
245 _aClinics in sports medicine / REVIST:
_cA.F.H. Renstrom M.D.; Wayne B.Leadbetter M.D.;
942 _2udc
_cBK
999 _c2044
_d2044